Historia de las ideas modernas en matemática

Kaydedildi:
Detaylı Bibliyografya
Yazar: Babini, José (Yazar)
Materyal Türü: Kitap
Dil:İspanyolca
Baskı/Yayın Bilgisi: Washington, D.C OEA 1980
Edisyon:3a. ed
Seri Bilgileri:Serie de Matemática. Monografía, 4
Konular:
Etiketler: Etiketle
Etiket eklenmemiş, İlk siz ekleyin!

MARC

LEADER 00000nam a2200000 a 4500
001 UCQ8784
003 CL-VaPUC
008 981217e19800000US |||||||||||||||||spa|d
082 0 4 |a 510.9  |b BAB  |2 21 
100 0 |a Babini, José  |e author  |9 423000 
245 1 0 |a Historia de las ideas modernas en matemática 
250 |a 3a. ed 
300 |a 75 p 
942 |c BK 
945 |d 19981217 00:00:00  |a crobeson 
260 |a Washington, D.C  |b OEA  |c 1980 
650 0 |a Historia de las matemáticas   |9 265664 
583 |a last modification  |c 19981217 00:00:00  |k Rodrigo Vera 
490 0 |a Serie de Matemática. Monografía, 4 
999 |c 277960  |d 277958 
952 |0 0  |1 0  |4 0  |6 510_900000000000000_BAB_1980  |7 0  |8 A  |9 316259  |a BIBMAT  |b BIBMAT  |d 2019-11-20  |i 2638894  |o 510.9 BAB 1980  |p 2638894  |r 2025-01-07  |w 2019-11-20  |y BK  |k MAT